Bilecik Bilecik Bilecik Bilecik Bilecik

Çanakkale Savaşları Günlüğü/ (Record no. 41000)

MARC details
000 -BAŞLIK
Sabit Uzunluktaki Kontrol Alanı 01039nam a22003737a 4500
001 - KONTROL NUMARASI
Control Dosyası 0041141
003 - KONTROL NUMARASI KİMLİĞİ
Kontrol Alanı KOHA_MİRAKIL
005 - EN SON İŞLEM TARİHİ ve ZAMANI
Kontrol Alanı 20260207003226.0
007 - FİZİKSEL TANIM SABİT ALAN - GENEL BİLGİ
Sabit uzunluklu kontrol alanı ta
008 - SABİT UZUNLUKTAKİ VERİ ÖGELERİ - GENEL BİLGİ
Sabit Alan 130730b2011 tu |||gr||||#||||0|tur |
020 ## - ISBN - ULUSLARARASI STANDART KİTAP NUMARASI
Isbn 9789754377804
040 ## - KATALOGLAMA KAYNAĞI
Özgün Kataloglama Kurumu TR-BiSEU
Kataloglama Dili tur
Çeviri Kurumu TR-BiSEU
Açıklama Kuralları rda
041 0# - DİL KODU
Metin ya da ses kaydının dil kodu tur
044 ## - YAYINLAYAN/ÜRETEN KURULUŞUN ÜLKE KODU
ISO country code tu
050 ## - SINIFLAMA ve YER NUMARASI
Sınıflama Numarası D568.3
Yer Numarası .K55 2011
100 1# - KİŞİ ADI
Yazar Adı (Kişi adı) Kılıç, Erol.
245 1# - ESER ADI BİLDİRİMİ
Başlık Çanakkale Savaşları Günlüğü/
Sorumluluk Bildirimi Erol Kılıç ; Erol Kılıç.
250 ## - BASIM BİLDİRİMİ
Basım Bildirimi 3. Basım
264 #1 - ÜRERİM, YAYIN, DAĞITIM ve TELİF BİLDİRİMİ
Yayın yeri İstanbul :
Yayınlayan Ötüken Yayınları
Yayın tarihi 2011
300 ## - FİZİKSEL TANIMLAMA
Sayfa, Cilt vb. 219 sayfa ;
Boyutları 20 cm.
336 ## - İÇERİK TÜRÜ
Content type term metin
Content type code txt
Source rdacontent
337 ## - MEDYA TÜRÜ
Media type term aracısız
Media type code n
Source rdamedia
338 ## - TAŞIYICI TÜRÜ
Carrier type term cilt
Carrier type code nc
Source rdacarrier
490 1# - DİZİ BİLDİRİMİ
Dizi Bildirimi Yayın ;
Cilt Numarası Nu.
490 1# - DİZİ BİLDİRİMİ
Dizi Bildirimi 825.
490 1# - DİZİ BİLDİRİMİ
Dizi Bildirimi Kültür Serisi ;
Cilt Numarası 429.
500 ## - GENEL NOT
Genel Not Kaynakça var.
500 ## - GENEL NOT
Genel Not Dizin var.
650 #0 - KONU BAŞLIĞI EK GİRİŞ - KONU TERİMİ
Konusal terim veya coğrafi ad Çanakkale Savaşları, 1915.
9 (RLIN) 76333
830 1# - SERİ EK GİRİŞİ - TEKBİÇİM ESER ADI
Tekbiçim Başlık Yayın ;
Volume number/sequential designation Nu.
9 (RLIN) 1557
830 1# - SERİ EK GİRİŞİ - TEKBİÇİM ESER ADI
Tekbiçim Başlık 825.
9 (RLIN) 5501
830 1# - SERİ EK GİRİŞİ - TEKBİÇİM ESER ADI
Tekbiçim Başlık Kültür Serisi ;
Volume number/sequential designation 429.
9 (RLIN) 6554
942 ## - EK GİRİŞ ÖGELERİ (KOHA)
Source of classification or shelving scheme Library of Congress Classification
Koha item type Book
Holdings
Materyal Türü Kalıcı Konum Mevcut Konum Raf Yeri Sınıflandırma Kaynağı Edinim Bilgisi Ana Konular Alt Konular Yer Numarası Demirbaş Numarası Fatura Tarihi Maliyet, Alış Fiyatı Maliyet, Yenileme Fiyatı Geri Çekilme Durumu Kayıp Durumu Hasarlı Durumu Kredi için değil Kayıt Tarih Toplam Ödünçverme Son Görülme Tarihi Son Kontrol Tarihi Satın Alma Notu
Book Prof. Dr. Azmi Özcan Kütüphanesi Prof. Dr. Azmi Özcan Kütüphanesi Uluğbey Salonu Library of Congress Classification Satın DÜNYA TARİHİ (AVRUPA, ASYA, AFRİKA VB.) Tarih (Genel) D568.3 .K55 2011 0041141 24/09/2013 7.18 7.18         30/07/2013 2 24/03/2026 10/03/2026 73291-73383 (92 sayfa)